Bond Villains - Statistics

General Stats
  • This quiz has been taken 32 times
  • The average score is 8 of 25
Answer Stats
Picture Answer % Correct
Auric Goldfinger
79%
Dr. No
75%
Ernst Stavro Blofeld
67%
Le Chiffre
63%
Francisco Scaramanga
46%
Dominic Greene
38%
Hugo Drax
38%
Lyutsifer Safin
33%
Max Zorin
33%
Raoul Silva
33%
Elliot Carver
29%
Franz Sanchez
29%
Elektra King
25%
Emilio Largo
25%
Alec 'Janus' Trevelyan
21%
Aristotle Kristatos
21%
Brad Whitaker
21%
General Orlov
21%
Gustav Graves
21%
Karl Stromberg
21%
General Georgi Koskov
17%
Kamal Kahn
8%
Mr. Bigg
8%
Victor 'Renard' Zokas
4%
Rosa Krebb
0%
No matching quizzes found
Score Distribution
Percent of People with Each Score
Percentile by Number Answered
Your Score History
You have not taken this quiz